Top 10 des prénoms les plus populaires au monde. - Statistiques

Statistiques générales
  • Ce quiz a été pris 2 720 fois
  • Le résultat moyen est 3 sur 10
Statistiques - réponses
Hint Réponse % Correct
10 Noah
80%
9 Jules
41%
8 Arthur
22%
1 Gabriel
20%
6 Louis
20%
2 Léo
18%
5 Louise
18%
7 Mael
16%
4 Jade
15%
3 Raphael
12%
Aucun quiz correspondant
Distribution des résultats
% des personnes avec chaque résultat
Percentile par nombre de réponses
Votre historique - résultats
Vous n’avez pas pris ce quiz